Digitalizálás mintavételezés, kvantálás. Oktatási segédanyag a Képfeldolgozás című tárgyhoz /

Elmentve itt :
Bibliográfiai részletek
Szerző: Boros Margit
További közreműködők: Kuba Attila (Témavezető)
Dokumentumtípus: Szakdolgozat
Megjelent: 2004
Tárgyszavak:
Online Access:http://diploma.bibl.u-szeged.hu/2561
LEADER 00705nta a2200169 i 4500
001 dipl2561
005 20130314071534.0
008 101019s2004 hu om 0|| hun d
040 |a SZTE Diploma Repozitórium  |b hun 
041 |a hun 
100 1 |a Boros Margit 
245 1 0 |a Digitalizálás  |h [elektronikus dokumentum] :  |b mintavételezés, kvantálás. Oktatási segédanyag a Képfeldolgozás című tárgyhoz /  |c Margit Boros 
260 |c 2004 
650 4 |a Informatika 
700 1 |a Kuba Attila  |e ths 
856 4 0 |u http://diploma.bibl.u-szeged.hu/id/eprint/2561/1/2004_boros_margit_04_17.pdf  |z Dokumentum-elérés  
856 4 0 |u http://diploma.bibl.u-szeged.hu/id/eprint/2561/2/2004_boros_margit_04_17.tgz  |z Dokumentum-elérés